[Event "PER-ch School U18 Girls"]
[Site "Lima"]
[Date "2015.11.13"]
[Round "4.1"]
[White "Solis Chimoy, Blanca de Lourdes"]
[Black "Castro Acuna, Joansie"]
[Result "1-0"]
[WhiteElo "1878"]
[BlackElo "1724"]
[PlyCount "105"]
[EventDate "2015.11.10"]
[EventType "swiss"]
[EventRounds "5"]
[EventCountry "PER"]
[SourceTitle "EXT 2024"]
[Source "ChessBase"]
[SourceDate "2023.10.10"]
[SourceVersion "1"]
[SourceVersionDate "2023.10.10"]
[SourceQuality "1"]

1. d4 g6 2. Nf3 Bg7 3. Bf4 d6 4. e3 Nf6 5. h3 Nbd7 6. Be2 0-0 7. 0-0 c5 8. a4 b6 9. Na3 Bb7 10. a5 Qc8 11. c3 Rb8 12. Bh2 Ba6 13. Nb5 Bxb5 14. Bxb5 a6 15. Be2 b5 16. Nd2 Ne8 17. Ne4 Rb7 18. Bf3 Ra7 19. h4 Ndf6 20. Ng5 h6 21. Nh3 Nc7 22. e4 Nd7 23. h5 Ne8 24. hxg6 fxg6 25. Nf4 Kh7 26. Ne6 Rf7 27. Nxg7 Rxg7 28. e5 dxe5 29. dxe5 e6 30. Be4 c4 31. Bf4 Nc5 32. Bc2 Rad7 33. Qh5 Nd3 34. Qxh6+ Kg8 35. Bg3 Qc6 36. Rad1 Qe4 37. Bxd3 Rxd3 38. Qf4 Qxf4 39. Bxf4 Rgd7 40. Rxd3 Rxd3 41. Re1 Nc7 42. Kf1 Nd5 43. Bg5 Kf7 44. Ke2 Nc7 45. Rh1 Kg7 46. Bf6+ Kf8 47. Rh8+ Kf7 48. Rh7+ Ke8 49. Rxc7 Rd7 50. Rc6 Kf7 51. Rxa6 Rb7 52. Rb6 Rxb6 53. axb6 1-0

[Event "World School-ch U17 Girls 10th"]
[Site "Juiz de Fora"]
[Date "2014.12.02"]
[Round "7"]
[White "Castro Acuna, Joansie"]
[Black "Pitol Martinez, Estefania"]
[Result "1-0"]
[WhiteElo "1678"]
[BlackElo "1731"]
[PlyCount "163"]
[EventDate "2014.11.26"]
[EventType "swiss"]
[EventRounds "9"]
[EventCountry "BRA"]
[SourceTitle "EXT 2016"]
[Source "ChessBase"]
[SourceDate "2015.10.08"]
[SourceVersion "1"]
[SourceVersionDate "2015.10.08"]
[SourceQuality "1"]

1. d4 Nf6 2. c4 g6 3. g3 Bg7 4. Bg2 0-0 5. Nf3 d6 6. 0-0 c5 7. Nc3 Nbd7 8. e4 cxd4 9. Nxd4 Ne5 10. b3 Bg4 11. f3 Bd7 12. Be3 Qc8 13. Rc1 Bh3 14. Qd2 Bxg2 15. Kxg2 Re8 16. h3 b6 17. Nd5 Qb7 18. Nb5 Nxd5 19. cxd5 Rac8 20. Bd4 a6 21. Nc3 b5 22. f4 Nd7 23. Bxg7 Kxg7 24. Qd4+ Kg8 25. Kf3 e5 26. dxe6 Rxe6 27. Qd5 Qa7 28. Rfd1 Rce8 29. Qc6 Nb8 30. Qd5 Nd7 31. Qd4 Qxd4 32. Rxd4 Nf6 33. Rcd1 d5 34. e5 Rc6 35. Nxd5 Nxd5 36. Rxd5 Rc2 37. R1d2 Rec8 38. Ke3 R8c3+ 39. R5d3 Kf8 40. Rxc3 Rxc3+ 41. Rd3 Rc2 42. a3 a5 43. Kd4 b4 44. axb4 axb4 45. g4 Ke7 46. Ke4 h5 47. gxh5 gxh5 48. Rd4 Rc3 49. Rxb4 Rxh3 50. Kf5 Rg3 51. Rb8 h4 52. Rh8 Rxb3 53. Rxh4 Rb6 54. Rg4 Ra6 55. Rg5 Ra1 56. Rh5 Ra6 57. Kg4 Ra5 58. Rh6 Ra1 59. Kf5 Re1 60. Rb6 Rh1 61. Rb7+ Kf8 62. Kg5 Rg1+ 63. Kf5 Rg6 64. Rd7 Rh6 65. Rd6 Rh1 66. Kf6 Rh6+ 67. Kg5 Rh1 68. f5 Ke8 69. Rh6 Ra1 70. Kf6 Ra6+ 71. e6 fxe6 72. fxe6 Kd8 73. Rh8+ Kc7 74. Kf7 Ra1 75. e7 Rf1+ 76. Kg6 Rg1+ 77. Kf5 Rf1+ 78. Kg4 Rg1+ 79. Kf3 Rf1+ 80. Kg2 Re1 81. e8Q Rxe8 82. Rxe8 1-0

[Event "World School-ch U17 Girls 10th"]
[Site "Juiz de Fora"]
[Date "2014.11.30"]
[Round "6"]
[White "Mendez Tovar, Rosario Trinidad"]
[Black "Castro Acuna, Joansie"]
[Result "0-1"]
[WhiteElo "1588"]
[BlackElo "1678"]
[PlyCount "77"]
[EventDate "2014.11.26"]
[EventType "swiss"]
[EventRounds "9"]
[EventCountry "BRA"]
[SourceTitle "EXT 2016"]
[Source "ChessBase"]
[SourceDate "2015.10.08"]
[SourceVersion "1"]
[SourceVersionDate "2015.10.08"]
[SourceQuality "1"]

1. d4 Nf6 2. c4 g6 3. Nc3 Bg7 4. e4 d6 5. Nf3 0-0 6. Be2 e5 7. 0-0 Nc6 8. d5 Ne7 9. b4 Nd7 10. a4 f5 11. Ng5 Nf6 12. f3 h6 13. Ne6 Bxe6 14. dxe6 c6 15. Qb3 Qb6+ 16. Kh1 Rfd8 17. a5 Qc7 18. Rd1 Kh7 19. b5 Qc8 20. Ba3 Qxe6 21. bxc6 bxc6 22. Qb4 c5 23. Qa4 a6 24. Rab1 Nc8 25. Bxc5 Rd7 26. Ba3 f4 27. Qc6 Rda7 28. c5 Qe8 29. Qxe8 Nxe8 30. cxd6 Rd7 31. Nd5 Nexd6 32. Nb6 Nxb6 33. Rxb6 Bf8 34. Bxd6 Rad8 35. Bxa6 Bxd6 36. Bb5 Rc7 37. a6 Be7 38. Rxd8 Bxd8 39. Bc6 0-1

[Event "Chiclayo Raffo Niquen IRT 1st"]
[Site "Chiclayo"]
[Date "2012.09.01"]
[Round "3"]
[White "Meono, Grover"]
[Black "Castro Acuna, Joansie"]
[Result "1-0"]
[WhiteElo "1930"]
[BlackElo "1658"]
[PlyCount "119"]
[EventDate "2012.09.01"]
[EventType "swiss"]
[EventRounds "7"]
[EventCountry "PER"]
[SourceTitle "EXT 2013"]
[Source "ChessBase"]
[SourceDate "2012.11.22"]
[SourceVersion "1"]
[SourceVersionDate "2012.11.22"]
[SourceQuality "1"]

1. e4 g6 2. d4 d6 3. Be3 Bg7 4. Nc3 Nf6 5. f3 a6 6. a4 0-0 7. Qd2 Nc6 8. Bc4 e5 9. Nge2 exd4 10. Nxd4 Nxd4 11. Bxd4 Be6 12. Bxe6 fxe6 13. 0-0 Qe7 14. Rad1 Rad8 15. Rfe1 e5 16. Be3 Qf7 17. Bh6 Bxh6 18. Qxh6 Qg7 19. Qe3 Qf7 20. Rd3 Nd7 21. Red1 Qc4 22. Rd5 Nb6 23. R5d3 Qb4 24. b3 Nd7 25. Qh6 Qc5+ 26. Kh1 Nf6 27. Qd2 Qc6 28. Ne2 Nh5 29. Rc3 Qb6 30. Re3 Nf4 31. Nc3 Qc6 32. g3 Ne6 33. Nd5 Qd7 34. Qg2 Qf7 35. Rf1 c6 36. Nb4 Qe7 37. Nd3 Qg5 38. Qf2 Qh6 39. c3 Rf6 40. Kg2 Rdf8 41. Qe2 g5 42. Nf2 Qg6 43. Ng4 R6f7 44. b4 h5 45. Nf2 h4 46. Ng4 Qh5 47. f4 h3+ 48. Kg1 Qh7 49. f5 Ng7 50. Rd3 Ne8 51. c4 Rd7 52. Qd2 Qh5 53. Nxe5 Rg7 54. Ng6 Rf6 55. Qd1 Qxd1 56. Rfxd1 Kh7 57. g4 Kg8 58. Rxh3 Kf7 59. c5 dxc5 60. e5 1-0